Cairo Movies by Picture - Statistics

General Stats
  • This quiz has been taken 207 times
  • The average score is 7 of 16
Answer Stats
Picture Answer % Correct
Raiders of the Lost Ark
98%
Wonder Woman 1984
95%
Godzilla x Kong: The New Empire
88%
Lawrence of Arabia
83%
The Mummy
81%
The Spy Who Loved Me
65%
Death on the Nile
49%
X-Men: Apocalypse
48%
Red Notice
23%
Gallipoli
14%
OSS 117: Cairo, Nest of Spies
8%
Exorcist: The Beginning
7%
Cairo
5%
Cairo Conspiracy
3%
Rommel's Treasure
3%
The Yacoubian Building
3%
No matching quizzes found
Score Distribution
Percent of People with Each Score
Percentile by Number Answered
Your Score History
You have not taken this quiz